[Event "Championnat de France - Open A"]
[Site "PAU"]
[Date "2012.08.22"]
[Round "8.8"]
[White "Podvin, Francois-Xavier"]
[Black "Poulet, Pierre-Emmanuel"]
[Result "1-0"]
[WhiteElo "2082"]
[BlackElo "2034"]
[PlyCount "95"]

1. e4 c5 2. Nf3 e6 3. d4 cxd4 4. Nxd4 Nc6 5. Nc3 Qc7 6. Be3 a6 7. Be2 Nf6 8. a3
Be7 9. f4 d6 10. g4 Nd7 11. g5 b5 12. Nxc6 Qxc6 13. Qd4 O-O 14. O-O-O Bb7 15.
f5 e5 16. Qd2 Nc5 17. f6 Bd8 18. fxg7 Re8 19. Qxd6 Qxd6 20. Rxd6 Nxe4 21. Nxe4
Bxe4 22. Rf1 Kxg7 23. h4 Be7 24. Rb6 Rec8 25. c3 Rc6 26. Bh5 Rf8 27. Rxc6 Bxc6
28. Rf5 f6 29. gxf6+ Bxf6 30. Bg5 Bxg5+ 31. Rxg5+ Kf6 32. Kd2 Bd5 33. Ke3 a5
34. Bg4 Rg8 35. Bf3 Rxg5 36. hxg5+ Ke6 37. Bg4+ Kd6 38. Bf5 Bg8 39. Bd3 Be6 40.
b4 axb4 41. axb4 Kd5 42. Bxb5 e4 43. c4+ Ke5 44. c5 Bd5 45. Bd7 Bf7 46. Bf5 Bg6
47. Bxg6 hxg6 48. c6 1-0

[Event "Championnat de France - Open A"]
[Site "PAU"]
[Date "2012.08.22"]
[Round "8.9"]
[White "Bach, Anatole"]
[Black "Laplanche, Denis"]
[Result "1-0"]
[WhiteElo "2032"]
[BlackElo "2172"]
[PlyCount "57"]

1. e4 c5 2. Nf3 e6 3. d4 cxd4 4. Nxd4 Nc6 5. Nc3 Qc7 6. Be2 a6 7. O-O Nf6 8.
Kh1 Nxd4 9. Qxd4 Bc5 10. Qd3 b5 11. f4 b4 12. e5 bxc3 13. exf6 Bf8 14. Bf3 Rb8
15. fxg7 Bxg7 16. b3 Bf8 17. Be3 Rb5 18. a4 Rf5 19. g4 Ra5 20. b4 Rd5 21. Bxd5
exd5 22. Bd4 f6 23. Bxf6 d6 24. Rae1+ Be7 25. Rxe7+ Qxe7 26. Bxe7 Kxe7 27. Re1+
Kd8 28. Qxd5 Kc7 29. Re7+ 1-0

[Event "Championnat de France - Open A"]
[Site "PAU"]
[Date "2012.08.22"]
[Round "8.10"]
[White "Ternault, Mathieu"]
[Black "Aflalo, Sophie"]
[Result "0-1"]
[WhiteElo "2138"]
[BlackElo "2065"]
[PlyCount "108"]

1. d4 Nf6 2. c4 g6 3. Nc3 Bg7 4. Nf3 O-O 5. Bg5 d6 6. e3 Nbd7 7. Be2 e5 8. dxe5
dxe5 9. Qc2 c6 10. Rd1 Qe7 11. Nd2 h6 12. Bh4 a5 13. Nde4 g5 14. Nxf6+ Qxf6 15.
Bg3 Nc5 16. h4 Bf5 17. e4 Bg6 18. hxg5 hxg5 19. Bg4 Rfd8 20. f3 Rd4 21. Bf2 Bf8
22. Qe2 Rad8 23. O-O Nd3 24. Bxd4 Nf4 25. Qe1 Rxd4 26. Rxd4 exd4 27. e5 Qh8 28.
Nd1 Bc5 29. Qxa5 Qxe5 30. b4 Ne2+ 31. Kf2 Bd3 32. f4 Qxf4+ 33. Ke1 Qxg4 34.
bxc5 Nf4 35. Qd8+ Kg7 36. Qxd4+ f6 37. Qf2 Nxg2+ 38. Kd2 Bxf1 39. Qxf1 Qd4+ 40.
Qd3 Qxd3+ 41. Kxd3 Kf7 42. Nc3 f5 43. Kd4 Kf6 44. a4 Nf4 45. Nd5+ cxd5 46. cxd5
Ne2+ 47. Kc4 Ke7 48. a5 Kd7 49. Kb5 Nc3+ 50. Kb6 Nxd5+ 51. Kxb7 Nb4 52. a6 Nxa6
53. c6+ Kd6 54. c7 Nxc7 0-1

[Event "Championnat de France - Open A"]
[Site "PAU"]
[Date "2012.08.23"]
[Round "9.1"]
[White "Gidel, Jean-Louis"]
[Black "Gicquel, Frederic"]
[Result "0-1"]
[WhiteElo "2102"]
[BlackElo "2194"]
[PlyCount "70"]

1. c4 Nf6 2. g3 e6 3. Bg2 d5 4. Nf3 Be7 5. O-O O-O 6. b3 c5 7. Bb2 d4 8. e3 Nc6
9. exd4 cxd4 10. Re1 Re8 11. a3 a5 12. Ne5 Qd6 13. f4 Nd7 14. Qh5 g6 15. Qe2
Bf6 16. Ng4 Bg7 17. d3 f5 18. Nf2 Nc5 19. Nd2 Bd7 20. Qd1 Rab8 21. a4 b6 22.
Ba3 e5 23. fxe5 Nxe5 24. Nf3 Bh6 25. Qc2 Be3 26. Nxe5 Qxe5 27. Rf1 f4 28. gxf4
Bxf4 29. h3 Qg5 30. Bxc5 Qg3 31. Rfe1 bxc5 32. Kf1 Be3 33. Re2 Rf8 34. Ra2 Bxf2
35. Rxf2 Rxf2+ 0-1

[Event "Championnat de France - Open A"]
[Site "PAU"]
[Date "2012.08.23"]
[Round "9.2"]
[White "Naudier, Serge"]
[Black "Feryn, Alexandre"]
[Result "1/2-1/2"]
[WhiteElo "2199"]
[BlackElo "2128"]
[PlyCount "232"]

1. e4 c5 2. Nf3 e6 3. d4 cxd4 4. Nxd4 a6 5. Bd3 Bc5 6. Nb3 Be7 7. e5 d6 8. Qg4
g6 9. Bf4 Nc6 10. exd6 Bxd6 11. Bxd6 Qxd6 12. Qg3 Qe5+ 13. Qxe5 Nxe5 14. Be2
Nf6 15. Nc3 Bd7 16. f4 Neg4 17. Bf3 Bc6 18. Bxc6+ bxc6 19. Ke2 Nd5 20. Kf3 Nxc3
21. Kxg4 Na4 22. Na5 Rc8 23. Nc4 Ke7 24. Rhd1 Rhd8 25. Kf3 f6 26. Rxd8 Rxd8 27.
Ke3 Rd5 28. Rb1 h6 29. Nd2 Rb5 30. b3 Nc3 31. a4 Rf5 32. Rf1 Nd5+ 33. Ke4 e5
34. fxe5 Rxe5+ 35. Kf3 Rf5+ 36. Kg3 Rg5+ 37. Kf2 Rf5+ 38. Nf3 g5 39. Re1+ Kd7
40. Kg1 Rf4 41. h3 h5 42. Rd1 Ke7 43. Nd4 c5 44. Ne2 Rf5 45. Ng3 Re5 46. Nxh5
Ne3 47. Rd2 Nf5 48. Kf2 Nd4 49. Ng3 f5 50. Ne2 Ne6 51. Nc1 Re4 52. Re2 Rf4+ 53.
Ke1 Kf6 54. Nd3 Rd4 55. g3 c4 56. Nb2 cxb3 57. cxb3 Nc5 58. Rc2 Nxb3 59. Rc6+
Ke5 60. Rxa6 Ke4 61. Rc6 Rd2 62. Nd1 Rh2 63. Nf2+ Kd4 64. Rd6+ Ke5 65. Rd3 Nc5
66. Re3+ Kd4 67. Re2 Rg2 68. g4 f4 69. Kf1 Rg3 70. Re8 Ra3 71. Rg8 f3 72. Rd8+
Ke3 73. Re8+ Kf4 74. Kg1 Kg3 75. Nh1+ Kxh3 76. Rh8+ Kxg4 77. Nf2+ Kg3 78. Nh1+
Kf4 79. Rf8+ Ke3 80. Ng3 Rxa4 81. Nf1+ Ke2 82. Ng3+ Ke3 83. Nf1+ Kd4 84. Rxf3
Ne4 85. Rf8 Ra2 86. Rd8+ Ke5 87. Re8+ Kf4 88. Rf8+ Kg4 89. Ne3+ Kg3 90. Nf1+
Kh3 91. Rh8+ Kg4 92. Nh2+ Kf5 93. Rf8+ Nf6 94. Nf1 g4 95. Rb8 Nd7 96. Rb5+ Ne5
97. Ng3+ Kf4 98. Nh5+ Ke4 99. Nf6+ Kf4 100. Nh5+ Kf5 101. Ng3+ Ke6 102. Rb6+
Kd7 103. Rb1 Nf3+ 104. Kf1 Ke6 105. Ne2 Kf5 106. Nd4+ Ke4 107. Nxf3 Kxf3 108.
Rb3+ Kf4 109. Kg1 Kg5 110. Rb8 Kh4 111. Rb3 g3 112. Rb8 Ra1+ 113. Kg2 Ra2+ 114.
Kg1 Ra1+ 115. Kg2 Ra2+ 116. Kg1 Ra1+ 1/2-1/2

[Event "Championnat de France - Open A"]
[Site "PAU"]
[Date "2012.08.23"]
[Round "9.3"]
[White "Marie, Maxime"]
[Black "Podvin, Francois-Xavier"]
[Result "1/2-1/2"]
[WhiteElo "2170"]
[BlackElo "2082"]
[PlyCount "90"]

1. c4 c5 2. g3 Nc6 3. Bg2 g6 4. Nc3 Bg7 5. e3 e6 6. Nge2 Nge7 7. Ne4 d6 8. a3
O-O 9. O-O b6 10. d4 d5 11. cxd5 exd5 12. N4c3 cxd4 13. Nxd4 Nxd4 14. exd4 Be6
15. Bg5 Qd7 16. Bxe7 Qxe7 17. Nxd5 Bxd5 18. Bxd5 Rad8 19. Bg2 Rxd4 20. Qe1 Qxe1
21. Raxe1 Rfd8 22. Re7 R4d7 23. Rxd7 Rxd7 24. b3 Bb2 25. a4 Rc7 26. Bd5 Rc1 27.
Rxc1 Bxc1 28. Kf1 Kg7 29. Bc4 Ba3 30. f4 Bc5 31. Kg2 a5 32. Kf3 f5 33. h3 h5
34. g4 hxg4+ 35. hxg4 fxg4+ 36. Kxg4 Kf6 37. Bd3 Bd6 38. f5 gxf5+ 39. Bxf5 Bc5
40. Bd3 Bd6 41. Bc4 Bc5 42. Bd5 Bd4 43. Bc4 Bc5 44. Bd5 Bd4 45. Bc4 Bc5 1/2-1/2

[Event "Championnat de France - Open A"]
[Site "PAU"]
[Date "2012.08.23"]
[Round "9.4"]
[White "Najart, David"]
[Black "Jactel, Nicolas"]
[Result "1-0"]
[WhiteElo "2109"]
[BlackElo "2105"]
[PlyCount "99"]

1. c4 Nf6 2. g3 c6 3. Bg2 d5 4. Nf3 dxc4 5. O-O g6 6. Na3 Bg7 7. Nxc4 O-O 8.
Re1 Be6 9. Qc2 Na6 10. a3 h6 11. b4 Nd5 12. Rb1 Rc8 13. d4 Kh7 14. Bb2 Nb6 15.
Na5 Qc7 16. Rbd1 Rfd8 17. Bc1 Bf5 18. e4 Bg4 19. Be3 e5 20. dxe5 Nd7 21. e6
fxe6 22. h3 Bxf3 23. Bxf3 c5 24. Rb1 cxb4 25. Qxc7 Rxc7 26. axb4 b6 27. b5 Bc3
28. Nc6 Rxc6 29. bxc6 Ne5 30. Be2 Bxe1 31. Bxa6 Bxf2+ 32. Kxf2 Nxc6 33. Rc1 Ne5
34. Rc7+ Rd7 35. Rxd7+ Nxd7 36. Bc8 Nf8 37. Bf4 Kg7 38. Bb8 a5 39. Bd6 Nh7 40.
Bxe6 Ng5 41. Bd5 Nxh3+ 42. Ke3 Ng5 43. Be5+ Kf8 44. Bf4 Nh7 45. Bc7 Nf6 46.
Bxb6 a4 47. Bc6 Nh5 48. Kf3 g5 49. Bxa4 Nf6 50. Bd4 1-0

[Event "Championnat de France - Open A"]
[Site "PAU"]
[Date "2012.08.23"]
[Round "9.5"]
[White "Muratet, Lucas"]
[Black "Coustance, Kevin"]
[Result "1-0"]
[WhiteElo "2047"]
[BlackElo "2054"]
[PlyCount "35"]

1. e4 c5 2. Nf3 d6 3. d4 cxd4 4. Nxd4 Nf6 5. Nc3 a6 6. Bg5 e6 7. f4 Be7 8. Qf3
Qc7 9. O-O-O h6 10. Bh4 b5 11. e5 Bb7 12. Qg3 dxe5 13. fxe5 Nh5 14. Nxe6 fxe6
15. Qg6+ Kf8 16. Be2 Bxh4 17. Bxh5 Bc6 18. Rhf1+ 1-0

[Event "Championnat de France - Open A"]
[Site "PAU"]
[Date "2012.08.23"]
[Round "9.6"]
[White "Bach, Anatole"]
[Black "Fejzovski, Enver"]
[Result "1-0"]
[WhiteElo "2032"]
[BlackElo "2126"]
[PlyCount "27"]

1. e4 a6 2. d4 e6 3. Nf3 c5 4. Nc3 cxd4 5. Nxd4 Qc7 6. Bd3 b6 7. Qe2 Bb7 8. Be3
Nf6 9. O-O Nc6 10. Nxc6 Qxc6 11. Rae1 d5 12. exd5 Nxd5 13. Be4 Nxc3 14. Bxc6+
1-0

[Event "Championnat de France - Open A"]
[Site "PAU"]
[Date "2012.08.23"]
[Round "9.7"]
[White "Fageot, Julien"]
[Black "Sobry, Sebastien"]
[Result "1-0"]
[WhiteElo "2078"]
[BlackElo "2026"]
[PlyCount "107"]

1. d4 d5 2. Nf3 Nc6 3. Bf4 Bf5 4. c3 e6 5. e3 Nf6 6. Bb5 Bd6 7. Nbd2 O-O 8. O-O
Ne7 9. Ne5 c6 10. Be2 Ng6 11. Nxg6 Bxg6 12. Bg3 Bxg3 13. hxg3 Qc7 14. c4 e5 15.
dxe5 Qxe5 16. Qb3 Qe7 17. Nf3 Rad8 18. Rfd1 Rd7 19. cxd5 Nxd5 20. Rd4 Rfd8 21.
Rad1 Nb6 22. Rxd7 Rxd7 23. Qc3 Rxd1+ 24. Bxd1 Nd5 25. Qd4 Nb6 26. Qf4 Qd8 27.
Bb3 Nd5 28. Qd4 Qb6 29. Bxd5 Qxd4 30. Nxd4 cxd5 31. Nb5 a6 32. Nc3 f6 33. Nxd5
Bf7 34. Nc3 Bc4 35. e4 Kf7 36. f4 Ke6 37. b4 Kd6 38. Kf2 h5 39. a3 Bb3 40. Kf3
Be6 41. Ne2 g6 42. Nd4 Bd7 43. Ke3 Be8 44. Nf3 Bc6 45. Kd4 Ke6 46. Nh4 Kf7 47.
f5 g5 48. Nf3 Ke7 49. e5 fxe5+ 50. Kxe5 g4 51. f6+ Ke8 52. Ng5 Kf8 53. Ke6 Ba4
54. Nh7+ 1-0

[Event "Championnat de France - Open A"]
[Site "PAU"]
[Date "2012.08.23"]
[Round "9.8"]
[White "Aflalo, Sophie"]
[Black "Peyre, Thomas"]
[Result "1/2-1/2"]
[WhiteElo "2065"]
[BlackElo "2072"]
[PlyCount "119"]

1. e4 c5 2. Nf3 e6 3. d4 cxd4 4. Nxd4 a6 5. c4 Nf6 6. Nc3 Bb4 7. Bd3 Qc7 8. Be3
Nc6 9. Rc1 d6 10. a3 Bxc3+ 11. Rxc3 O-O 12. O-O b6 13. Qe2 Bb7 14. f3 Nd7 15.
Rfc1 Rac8 16. b4 Qd8 17. Nb3 a5 18. bxa5 Nxa5 19. Nd4 Ba6 20. Rb1 d5 21. exd5
exd5 22. Nb5 Ne5 23. Na7 d4 24. Rd1 Qc7 25. Nxc8 dxc3 26. Bxb6 Qxc8 27. Qxe5
Nxc4 28. Qe4 g6 29. Bd4 Nb2 30. Bxa6 Qxa6 31. Rc1 Qxa3 32. Bxc3 Na4 33. Qe3
Nxc3 34. Rxc3 Qd6 35. Rd3 Qc7 36. Rc3 Qd6 37. Rd3 Qc7 38. f4 Rc8 39. Kf2 Rb8
40. Qd2 Qc5+ 41. Kg3 Re8 42. h3 Qe7 43. Rd7 Qe3+ 44. Qxe3 Rxe3+ 45. Kg4 Kg7 46.
g3 h5+ 47. Kh4 Rf3 48. Ra7 Kf6 49. Ra6+ Kg7 50. Ra4 Rf1 51. Ra5 Kh6 52. Ra7 f6
53. Ra6 f5 54. Ra4 Rc1 55. Ra2 Rc4 56. Ra6 Rd4 57. Rf6 Re4 58. Ra6 Rd4 59. Rf6
Re4 60. Ra6 1/2-1/2

[Event "Championnat de France - Open A"]
[Site "PAU"]
[Date "2012.08.23"]
[Round "9.9"]
[White "Deslias, Gregoire"]
[Black "Peltrault, Frederic"]
[Result "1-0"]
[WhiteElo "2075"]
[BlackElo "2171"]
[PlyCount "57"]

1. d4 Nf6 2. c4 c5 3. d5 b5 4. cxb5 a6 5. Nc3 axb5 6. e4 b4 7. Nb5 d6 8. Bc4
Nbd7 9. Nf3 Nb6 10. Bd3 g6 11. b3 Bg7 12. Bb2 O-O 13. O-O Ba6 14. a4 bxa3 15.
Nxa3 Qd7 16. Qe2 Bxd3 17. Qxd3 Rab8 18. Nd2 e6 19. dxe6 fxe6 20. Rac1 d5 21. e5
Ng4 22. Qe2 Nh6 23. Nb5 Qe7 24. Ba3 Nd7 25. f4 g5 26. g3 gxf4 27. gxf4 Qh4 28.
Nc7 Qd8 29. Nxe6 1-0

[Event "Championnat de France - Open A"]
[Site "PAU"]
[Date "2012.08.23"]
[Round "9.10"]
[White "Gaubil, Olivier"]
[Black "Entem, Alan"]
[Result "1/2-1/2"]
[WhiteElo "2070"]
[BlackElo "2158"]
[Annotator "Rivier,Sylvain"]
[PlyCount "47"]

1. d4 Nf6 2. Nf3 g6 3. c4 Bg7 4. g3 O-O 5. Bg2 d6 6. O-O c5 7. Nc3 Nc6 8. d5
Na5 9. Nd2 Rb8 10. Qc2 a6 11. b3 b5 12. Bb2 Bh6 13. Ncb1 e5 14. Bc3 Re8 15. Qd3
Nh5 16. cxb5 axb5 17. a4 b4 18. Bb2 f5 19. e4 f4 20. h3 Rb6 21. Nc4 Nxc4 22.
bxc4 Bd7 23. g4 Ng7 24. Bf3 {suite illisible} 1/2-1/2

[Event "Championnat de France - Open A"]
[Site "PAU"]
[Date "2012.08.24"]
[Round "10.1"]
[White "Gicquel, Frederic"]
[Black "Najart, David"]
[Result "1/2-1/2"]
[WhiteElo "2194"]
[BlackElo "2109"]
[PlyCount "112"]

1. Nf3 Nf6 2. d4 g6 3. g3 Bg7 4. Bg2 O-O 5. O-O d6 6. c4 c6 7. Nc3 Bf5 8. b3
Ne4 9. Bb2 Nxc3 10. Bxc3 Be4 11. Qd2 e6 12. Rfd1 d5 13. Bf1 h6 14. Qb2 g5 15.
Nd2 Bg6 16. Bg2 f5 17. e3 Nd7 18. f4 Nf6 19. a4 Ng4 20. Re1 h5 21. Nf3 Bf6 22.
Ne5 Kh7 23. Qe2 Rg8 24. h3 Nh6 25. Kh1 Qe8 26. Rg1 h4 27. gxh4 gxh4 28. Bf3
Bxe5 29. dxe5 Qe7 30. cxd5 cxd5 31. Rac1 Rac8 32. Bd4 a6 33. Qb2 Qb4 34. Rc3
Bf7 35. Rg2 Rxg2 36. Bxg2 Rxc3 37. Qxc3 Qa3 38. Qc2 Bh5 39. Kh2 Qb4 40. Qc3
Qxc3 41. Bxc3 Bd1 42. a5 Bxb3 43. Be1 Nf7 44. Bxh4 Bc4 45. Kg3 Nh8 46. Bd8 Ng6
47. Kf2 Nf8 48. Ke1 Nd7 49. Bf3 Kg6 50. Kf2 Nc5 51. Kg3 Ne4+ 52. Kh4 Bb5 53.
Bxe4 dxe4 54. Bb6 Bc6 55. Bd8 Bb5 56. Bb6 Bc6 1/2-1/2

[Event "Championnat de France - Open A"]
[Site "PAU"]
[Date "2012.08.24"]
[Round "10.2"]
[White "Muratet, Lucas"]
[Black "Naudier, Serge"]
[Result "0-1"]
[WhiteElo "2047"]
[BlackElo "2199"]
[PlyCount "74"]

1. e4 e5 2. Nf3 Nc6 3. Bc4 Be7 4. O-O Nf6 5. d3 O-O 6. c3 a6 7. a4 d5 8. exd5
Nxd5 9. Re1 Nb6 10. Bb3 Bg4 11. h3 Bh5 12. a5 Nd7 13. Bc2 f5 14. Nbd2 Bf6 15.
Nf1 Nc5 16. Ng3 Bg6 17. Be3 Qd6 18. Qb1 Kh8 19. b4 Ne6 20. Bd2 Ne7 21. b5 Nd5
22. Ne2 Bh5 23. c4 Bxf3 24. gxf3 Ne7 25. Bb4 Qd7 26. Bc3 Ng6 27. Kh1 Nh4 28.
Ng1 Qf7 29. Re3 f4 30. Re2 Qh5 31. Qf1 Ng5 32. Bxe5 Nhxf3 33. Bxf6 Nxg1 34.
Qxg1 gxf6 35. Qg4 Qh6 36. Re7 Nxh3 37. Qd7 Rg8 0-1

[Event "Championnat de France - Open A"]
[Site "PAU"]
[Date "2012.08.24"]
[Round "10.3"]
[White "Marie, Maxime"]
[Black "Bach, Anatole"]
[Result "1/2-1/2"]
[WhiteElo "2170"]
[BlackElo "2032"]
[PlyCount "95"]

1. e4 c5 2. Nf3 e6 3. d4 cxd4 4. Nxd4 Nc6 5. Nc3 a6 6. Be2 d6 7. Be3 Nf6 8. O-O
Be7 9. a4 O-O 10. Nb3 Na5 11. f4 Nxb3 12. cxb3 Qa5 13. Qe1 Kh8 14. Bd3 d5 15.
e5 Ng4 16. Bd2 Qb6+ 17. Kh1 Bc5 18. Qh4 f5 19. exf6 Nxf6 20. Rf3 Qd8 21. Rh3 h6
22. Re1 Ne4 23. Bxe4 Qxh4 24. Rxh4 Bf2 25. Rxh6+ gxh6 26. Re2 Bd4 27. Bd3 Bd7
28. h3 Rae8 29. Bg6 Rd8 30. f5 Kg7 31. Bf4 Be8 32. Rxe6 Bxg6 33. Rxg6+ Kf7 34.
Rxh6 Bg7 35. Rb6 Kg8 36. g4 d4 37. Ne4 Rfe8 38. Nd2 Re2 39. f6 Rc8 40. Nc4 Rf2
41. Be5 d3 42. Rd6 b5 43. fxg7 bxc4 44. Bc3 cxb3 45. Rxd3 Rc2 46. Be5 Re2 47.
Bc3 Rc2 48. Be5 1/2-1/2

[Event "Championnat de France - Open A"]
[Site "PAU"]
[Date "2012.08.24"]
[Round "10.4"]
[White "Feryn, Alexandre"]
[Black "Fageot, Julien"]
[Result "0-1"]
[WhiteElo "2128"]
[BlackElo "2078"]
[PlyCount "98"]

1. e4 e5 2. Nf3 Nf6 3. Nxe5 d6 4. Nf3 Nxe4 5. d4 d5 6. Bd3 Bd6 7. O-O O-O 8.
Re1 Bf5 9. c4 c6 10. cxd5 cxd5 11. Qb3 Qd7 12. Nc3 Nxc3 13. Bxf5 Qxf5 14. bxc3
Qd7 15. g3 Qc6 16. Ne5 Bxe5 17. Rxe5 Rd8 18. Bd2 Qd7 19. Rae1 Nc6 20. Rh5 g6
21. Rh4 Re8 22. Rb1 b6 23. Qb5 Rad8 24. Qd3 Na5 25. Bg5 Rc8 26. Qf3 Re6 27. Rd1
Qc6 28. Rd3 f6 29. Bh6 Nc4 30. Rf4 Rc7 31. h4 Rf7 32. h5 Re4 33. hxg6 hxg6 34.
Qg4 f5 35. Qg5 Qf6 36. Rxe4 fxe4 37. Qxf6 Rxf6 38. Rd1 Rf3 39. Rc1 Kf7 40. Kg2
Ke6 41. Bf4 a5 42. Rc2 Kf5 43. Rc1 g5 44. Bc7 Kg4 45. Rb1 Rxc3 46. Bxb6 Rc2 47.
Bd8 e3 48. Rb5 exf2 49. Kf1 Nd2+ 0-1

[Event "Championnat de France - Open A"]
[Site "PAU"]
[Date "2012.08.24"]
[Round "10.5"]
[White "Podvin, Francois-Xavier"]
[Black "Gidel, Jean-Louis"]
[Result "1-0"]
[WhiteElo "2082"]
[BlackElo "2102"]
[PlyCount "65"]

1. e4 c6 2. d4 d5 3. f3 dxe4 4. fxe4 e5 5. Nf3 Bg4 6. Bc4 Nd7 7. O-O Ngf6 8.
Bg5 Bd6 9. c3 O-O 10. Nbd2 h6 11. Bxf6 Qxf6 12. Qe1 Bxf3 13. Nxf3 Qe7 14. Nh4
Kh8 15. Rxf7 Qxf7 16. Bxf7 Rxf7 17. Qg3 Bc7 18. Rf1 Rxf1+ 19. Kxf1 Rf8+ 20. Ke2
Rf7 21. Qg6 Kg8 22. Nf5 Kf8 23. Qe6 a6 24. Nh4 Kg8 25. Qe8+ Nf8 26. Nf5 Rf6 27.
Qc8 Rf7 28. Qxb7 exd4 29. cxd4 Bxh2 30. Qxc6 Bf4 31. Qd5 g6 32. Nd6 Bxd6 33.
Qxd6 1-0

[Event "Championnat de France - Open A"]
[Site "PAU"]
[Date "2012.08.24"]
[Round "10.6"]
[White "Jactel, Nicolas"]
[Black "Aflalo, Sophie"]
[Result "0-1"]
[WhiteElo "2105"]
[BlackElo "2065"]
[PlyCount "66"]

1. e4 c5 2. Nf3 Nc6 3. Bb5 e6 4. O-O Nge7 5. Nc3 a6 6. Bxc6 Nxc6 7. d4 cxd4 8.
Nxd4 Qc7 9. Nxc6 bxc6 10. Qg4 d6 11. b3 g6 12. Bb2 e5 13. Qg3 Bg7 14. Rad1 O-O
15. Rd3 f5 16. Ba3 f4 17. Qf3 Rf6 18. Rfd1 Bf8 19. Qe2 Bb7 20. Na4 Re8 21. Qd2
d5 22. Bxf8 Rexf8 23. Qb4 Rb8 24. Qc5 Rf7 25. Nb6 a5 26. Rc3 dxe4 27. Nc4 Rd8
28. Rxd8+ Qxd8 29. h3 e3 30. fxe3 f3 31. Qd6 Qg5 32. g4 Qh4 33. Qd2 f2+ 0-1

[Event "Championnat de France - Open A"]
[Site "PAU"]
[Date "2012.08.24"]
[Round "10.7"]
[White "Brest, Jean-Francois"]
[Black "Flachet, Thierry"]
[Result "0-1"]
[WhiteElo "2046"]
[BlackElo "2089"]
[PlyCount "148"]
[EventDate "2012.??.??"]

1. d4 d5 2. c4 c6 3. Nf3 Nf6 4. Nc3 a6 5. c5 Nbd7 6. Bf4 g6 7. h3 Bg7 8. e3 O-O
9. Be2 Ne8 10. b4 Nc7 11. a4 Re8 12. O-O e5 13. Bh2 f6 14. Re1 e4 15. Nd2 Ne6
16. Ncxe4 dxe4 17. Nxe4 Ndf8 18. Nd6 Re7 19. Qb3 Kh8 20. Bc4 Nc7 21. Nf7+ Rxf7
22. Bxf7 Nce6 23. b5 Qe7 24. Bxe6 Bxe6 25. Qb4 f5 26. bxc6 bxc6 27. Rab1 Bc8
28. Qb6 Qd7 29. Qc7 Qxc7 30. Bxc7 Nd7 31. f3 Kg8 32. Kf2 Kf7 33. Ke2 Ra7 34.
Bd6 a5 35. Kd3 Nf6 36. Rb8 Ba6+ 37. Kd2 Nd5 38. g4 fxg4 39. hxg4 Bf6 40. e4
Bg5+ 41. Kc2 Nb4+ 42. Kc3 Kg7 43. f4 Be7 44. Be5+ Bf6 45. Bxf6+ Kxf6 46. f5
gxf5 47. Rf8+ Kg7 48. Rxf5 Re7 49. Rg5+ Kf6 50. Rf5+ Kg6 51. Kd2 Rd7 52. d5
cxd5 53. exd5 Nxd5 54. Kc1 Nf6 55. Rfe5 Bc8 56. g5 Ng4 57. R5e4 Kxg5 58. Rc4
Rc7 59. c6 h5 60. Kd2 h4 61. Rb1 h3 62. Ke2 Ba6 63. Rb5+ Kh4 64. Kf3 Rf7+ 65.
Ke2 h2 66. Rc1 Rc7 67. Kd2 Rxc6 68. Rxc6 Bxb5 69. Rc1 Bxa4 70. Kc3 Nf2 71. Kc4
h1=Q 72. Rxh1+ Nxh1 73. Kc5 Bb3 74. Kb5 a4 0-1

[Event "Championnat de France - Open A"]
[Site "PAU"]
[Date "2012.08.24"]
[Round "10.8"]
[White "Boukhris-Ferre, Yacine"]
[Black "Gallant, Aurelien"]
[Result "1/2-1/2"]
[WhiteElo "2075"]
[BlackElo "2054"]
[PlyCount "175"]
[EventDate "2012.??.??"]

1. e4 c5 2. Nc3 d6 3. g3 g6 4. Bg2 Bg7 5. d3 Nc6 6. Nge2 Nf6 7. O-O O-O 8. f4
Ne8 9. f5 Rb8 10. Bg5 b5 11. Qd2 Nc7 12. a3 a5 13. Bh6 b4 14. axb4 axb4 15. Nd1
Nb5 16. Bxg7 Kxg7 17. Ne3 Ne5 18. c3 bxc3 19. bxc3 f6 20. Nf4 g5 21. Ne6+ Bxe6
22. fxe6 Rb7 23. d4 cxd4 24. cxd4 Nc6 25. e5 Nbxd4 26. exf6+ Rxf6 27. Rxf6 exf6
28. e7 Rxe7 29. Bxc6 Nxc6 30. Nf5+ Kg8 31. Qd5+ Kf8 32. Qxc6 Rc7 33. Qxd6+ Qxd6
34. Nxd6 Rc6 35. Ne4 Kg7 36. Rd1 Re6 37. Nf2 f5 38. h3 Kg6 39. Rd4 Ra6 40. Kg2
Rb6 41. Kf3 Rc6 42. Ke3 Re6+ 43. Kf3 Rc6 44. Nd3 Ra6 45. Rc4 Kf6 46. Ke3 Re6+
47. Kf3 Ra6 48. Rb4 Rc6 49. Ke3 Rd6 50. Nc5 Kg6 51. Rd4 Rc6 52. Rd5 Rb6 53. Nd3
Kf6 54. Kd4 Ra6 55. Rb5 Rd6+ 56. Ke3 Re6+ 57. Kf3 Ra6 58. Nc5 Ra3+ 59. Rb3 Ra2
60. Rb6+ Kf7 61. Nd3 Kg7 62. Ke3 Rg2 63. Kf3 Ra2 64. Ke3 Rg2 65. Kf3 Ra2 66.
Nc5 Ra3+ 67. Rb3 Ra5 68. Ne6+ Kf6 69. Nc7 Kg7 70. Ne8+ Kf7 71. Nd6+ Ke6 72. Nc4
Rc5 73. Ne3 Kf7 74. Rb6 Ra5 75. Rh6 Kg7 76. Rd6 Ra3 77. Rd5 Kg6 78. Rd6+ Kg7
79. Rd4 Kg6 80. Ke2 Ra6 81. Kf3 Ra3 82. Ke2 Ra6 83. Nc4 Ra2+ 84. Rd2 Ra4 85.
Ne5+ Kg7 86. Kf3 Ra3+ 87. Rd3 Ra5 88. Nd7 1/2-1/2

[Event "Championnat de France - Open A"]
[Site "PAU"]
[Date "2012.08.24"]
[Round "10.9"]
[White "Coustance, Kevin"]
[Black "Deslias, Gregoire"]
[Result "0-1"]
[WhiteElo "2054"]
[BlackElo "2075"]
[PlyCount "108"]

1. c4 e5 2. g3 Nf6 3. Bg2 d5 4. cxd5 Nxd5 5. Nc3 Nb6 6. Nf3 Nc6 7. O-O Be7 8.
a3 Be6 9. b4 f6 10. d3 O-O 11. Bb2 a6 12. Nd2 f5 13. Na4 Nd5 14. Nf3 Bd6 15.
Rc1 Kh8 16. Nc5 Bc8 17. Qb3 Nf6 18. Ne6 Bxe6 19. Qxe6 e4 20. Ng5 Qe8 21. Qxf5
Qh5 22. h4 e3 23. Bf3 Qh6 24. Bxf6 gxf6 25. Ne4 Nd4 26. Qh5 exf2+ 27. Kxf2 Qg7
28. Nxd6 cxd6 29. Qg4 Qxg4 30. Bxg4 f5 31. Bf3 f4 32. Rc7 Nxf3 33. exf3 Rae8
34. g4 Re3 35. Rd1 Rfe8 36. Rd2 Re1 37. Rc4 Rh1 38. Rxf4 Rh2+ 39. Kg3 Rxd2 40.
Rd4 Rd8 41. a4 Kg7 42. Kf4 Kf6 43. Rd5 Rb2 44. Rf5+ Ke7 45. Rh5 Rxb4+ 46. Kg5
Rh8 47. Kh6 Rxa4 48. Kg7 Rf8 49. Kxh7 Rxf3 50. d4 Rxd4 51. g5 Rh3 52. g6 Rhxh4
53. Kg8 Rxh5 54. g7 Rh8+ 0-1

[Event "Championnat de France - Open A"]
[Site "PAU"]
[Date "2012.08.24"]
[Round "10.10"]
[White "Peyre, Thomas"]
[Black "Poulet, Pierre-Emmanuel"]
[Result "0-1"]
[WhiteElo "2072"]
[BlackElo "2034"]
[PlyCount "70"]

1. e4 c5 2. Nf3 e6 3. d4 cxd4 4. Nxd4 Nc6 5. Nc3 Qc7 6. g3 a6 7. Bg2 d6 8. O-O
Bd7 9. Re1 Be7 10. Nce2 Nf6 11. c4 Nxd4 12. Qxd4 Rc8 13. b3 b5 14. cxb5 axb5
15. Bb2 e5 16. Qd2 Qc2 17. Bc3 Qxd2 18. Bxd2 Rc2 19. Bc3 O-O 20. Kf1 Ra8 21. a3
Be6 22. Reb1 Rc8 23. Bb4 Kf8 24. Ke1 Nd7 25. Bf1 Nc5 26. Nc1 Bg5 27. Bxb5 Nxe4
28. Bd3 Nxf2 29. Bxc2 Rxc2 30. Bxd6+ Ke8 31. b4 Bxc1 32. Rxc1 Nd3+ 33. Kd1 Rxh2
34. Ra2 Bg4+ 35. Re2 Rxe2 0-1

[Event "Championnat de France - Open A"]
[Site "PAU"]
[Date "2012.08.25"]
[Round "11.1"]
[White "Naudier, Serge"]
[Black "Podvin, Francois-Xavier"]
[Result "0-1"]
[WhiteElo "2199"]
[BlackElo "2082"]
[PlyCount "208"]

1. Nf3 c5 2. e4 Nc6 3. d4 cxd4 4. Nxd4 g6 5. Nc3 Bg7 6. Be3 Nf6 7. Bc4 O-O 8.
Bb3 d6 9. f3 Bd7 10. h4 Nxd4 11. Bxd4 b5 12. Qd2 a5 13. a4 bxa4 14. Nxa4 Be6
15. Bxe6 fxe6 16. e5 dxe5 17. Bxe5 Qxd2+ 18. Kxd2 Ne4+ 19. Ke3 Bxe5 20. Kxe4
Bd6 21. b3 Rf5 22. Nb6 Re5+ 23. Kd4 Rd8 24. Nc4 Re2 25. Kc3 Bb4+ 26. Kb2 Rxg2
27. Nxa5 Rdd2 28. Rhc1 Rdf2 29. Nc6 Bd2 30. b4 Rxf3 31. Rf1 Bc3+ 32. Kb3 Re3
33. Rac1 Bd2+ 34. Kb2 Re4 35. b5 Rxh4 36. b6 Rh5 37. Nxe7+ Kg7 38. Rb1 Rb5+ 39.
Ka2 Bb4 40. Kb3 Bxe7+ 41. Kc3 Rc5+ 42. Kd3 Rgxc2 43. b7 Bd6 44. b8=Q Bxb8 45.
Rxb8 Rc8 46. Rb7+ R2c7 47. Rb6 Rf7 48. Re1 Re8 49. Ke4 e5 50. Rg1 Ree7 51. Rh1
Rf4+ 52. Ke3 Ra4 53. Rb3 Rea7 54. Rb2 Rf4 55. Rb5 Rf5 56. Rc1 e4 57. Rxf5 gxf5
58. Kf4 Rf7 59. Rc6 Rf6 60. Rc1 Kg6 61. Rg1+ Kf7 62. Rb1 Ke6 63. Rb6+ Kf7 64.
Rb1 h6 65. Ra1 Kg7 66. Rb1 Rf7 67. Ra1 Kf8 68. Rh1 Ke7 69. Rxh6 Rf6 70. Rh1 Kd6
71. Rd1+ Kc5 72. Ke3 Kc4 73. Rc1+ Kd5 74. Kf4 Kd4 75. Rd1+ Kc3 76. Ke3 Kc2 77.
Rf1 Rf8 78. Rf2+ Kc3 79. Rf1 Kc4 80. Rc1+ Kb3 81. Rf1 Kc4 82. Rc1+ Kd5 83. Kf2
Re8 84. Ke3 Rb8 85. Rc3 Rb1 86. Ra3 Re1+ 87. Kf2 Rh1 88. Ra5+ Ke6 89. Kg2 Rd1
90. Kf2 Rd5 91. Ra8 Ke5 92. Rh8 Rd2+ 93. Ke3 Rd3+ 94. Ke2 Ra3 95. Rh5 Kf4 96.
Rh4+ Kg5 97. Rh8 Kg4 98. Rf8 Kf4 99. Rh8 Ra2+ 100. Ke1 Kg4 101. Rf8 f4 102. Kd1
Kf3 103. Rb8 e3 104. Rb3 Kf2 0-1